| 000 | 01255nam0a22002651 4500 | ||
|---|---|---|---|
| 001 | rc\2805035 | ||
| 005 | 20250810051607.0 | ||
| 035 | _a(NLR Aleph) 006930986 | ||
| 090 |
_a7547028 _c7547028 |
||
| 100 | _a20250810 rusy50 | ||
| 101 | 0 | _arus | |
| 102 | _aRU | ||
| 105 | _aa z ||||| | ||
| 200 | 1 |
_aФизические и технические основы морского радиопеленгования _eДопущ. ВКВШ при СНК СССР в качестве учеб. пособия для судоводит. фак-тов втузов водного транспорта _fП. В. Кармалин |
|
| 210 |
_aМосква _aЛенинград _cМор. транспорт _d1945 [на переплете: 1946] _eЛенинград _gтип. им. Евг. Соколовой |
||
| 215 |
_a303 с., 1 л. табл. _cчерт. _d22 см. |
||
| 320 | _aБиблиогр.: "Список лит-ры", стр. 298-300 (82 назв.) | ||
| 700 | 1 |
_aКармалин _bП.В. _gПавел Васильевич |
|
| 801 | 0 |
_aRU _bNLR _gpsbo |
|
| 801 | 1 |
_aRU _bELAR _2rusmarc |
|
| 852 |
_aNLR _jТ94 Г-5/43 |
||
| 942 | _cBOOK | ||
| 945 | _aРоссийская национальная библиотека | ||
| 980 | _aNB | ||
| 980 | _aBV | ||